Mexico A-Z - Statistics

General Stats
  • This quiz has been taken 801 times
  • The average score is 16 of 26
Answer Stats
Clue Answer % Correct
A Ancient empire in central Mexico Aztec
97%
P Currency Peso
96%
S Most common language Spanish
96%
C Most popular dog breed Chihuahua
92%
U Country that invaded in 1847 United States
90%
J Most famous hot pepper Jalapeño
88%
Y Peninsula that was struck by an asteroid 66 million years ago Yucatan
87%
B Northwestern peninsula Baja California
83%
G Second biggest urban area Guadalajara
77%
K Unibrowed painter Frida Kahlo
76%
W Event hosted in 1970 and 1986 World Cup
76%
H Most common last name Hernández
74%
D Holiday that starts in the 1st November and ends the day after Day of the Dead
71%
R Type of snake found on the flag Rattlesnake
64%
Z Revolutionary whose followers were called Zapatistas Emiliano Zapata
56%
O Southern state Oaxaca
56%
M Chili pepper sauce sometimes made with chocolate Mole
48%
Q Easternmost state {Quintana} Roo
48%
L Mexican term for Pro Wrestling Lucha Libre
44%
I Famous chinampa located in the channels of Xochimilco {Island} of the Dolls
39%
V Mexican general who raided the U.S. in 1916 Pancho Villa
34%
T Mexican sandwich Torta
31%
F President of Mexico, 2000-2006 Vicente Fox
31%
N Largest indigenous group Nahua
24%
X Capital of Veracruz Xalapa
20%
E Second biggest city in terms of city proper Ecatepec de Morelos
19%
No matching quizzes found
Score Distribution
Percent of People with Each Score
Percentile by Number Answered
Your Score History
You have not taken this quiz